[Event "GER-ch Net blitz qual3"]
[Site "Playchess.com INT"]
[Date "2021.05.07"]
[Round "3"]
[White "Henning, Marvin"]
[Black "Eichner, Christian"]
[Result "1-0"]
[WhiteElo "2305"]
[BlackElo "1634"]
[PlyCount "69"]
[EventDate "2021.05.07"]
[EventType "swiss (blitz)"]
[EventRounds "11"]
[EventCountry "GER"]
[SourceTitle "CBM 202 Extra"]
[Source "ChessBase"]
[SourceDate "2021.07.31"]
[SourceVersion "1"]
[SourceVersionDate "2021.07.31"]
[SourceQuality "1"]

1. e4 e5 2. Nf3 Nc6 3. Bb5 a6 4. Ba4 Nf6 5. 0-0 Be7 6. d4 b5 7. Bb3 d6 8. h3 0-0 9. Nc3 Re8 10. Re1 Bf8 11. Bg5 h6 12. Bh4 Be7 13. a4 b4 14. Nb1 Bb7 15. a5 Nxd4 16. Nxd4 exd4 17. Qxd4 c5 18. Qd1 Rc8 19. Nd2 d5 20. e5 Nd7 21. Bg3 c4 22. Ba4 Bc6 23. Bxc6 Rxc6 24. Nf3 Nc5 25. Nd4 Rg6 26. Qh5 Rg5 27. Qf3 Rg6 28. Rad1 Ne6 29. Nf5 Bc5 30. Rxd5 Qa8 31. Red1 Kh7 32. Nd6 Nd4 33. Qe4 Bxd6 34. Qxd4 Bc7 35. Qxc4 1-0

[Event "GER-ch Net blitz qual3"]
[Site "Playchess.com INT"]
[Date "2021.05.07"]
[Round "5"]
[White "Juergens, Florian"]
[Black "Eichner, Christian"]
[Result "1-0"]
[WhiteElo "1787"]
[BlackElo "1634"]
[PlyCount "87"]
[EventDate "2021.05.07"]
[EventType "swiss (blitz)"]
[EventRounds "11"]
[EventCountry "GER"]
[SourceTitle "CBM 202 Extra"]
[Source "ChessBase"]
[SourceDate "2021.07.31"]
[SourceVersion "1"]
[SourceVersionDate "2021.07.31"]
[SourceQuality "1"]

1. e4 e5 2. Nf3 Nc6 3. Bb5 a6 4. Bxc6 dxc6 5. d4 exd4 6. Qxd4 Bg4 7. Qxd8+ Rxd8 8. Nbd2 Ne7 9. h3 Bh5 10. b3 f5 11. exf5 Nd5 12. g4 Bf7 13. Bb2 Nb4 14. 0-0-0 Nxa2+ 15. Kb1 Nb4 16. Rhe1+ Be7 17. Bxg7 Rg8 18. f6 Rxg7 19. Rxe7+ Kf8 20. Rde1 Rg6 21. g5 Nd5 22. Rxf7+ Kxf7 23. Ne5+ Kf8 24. Nxg6+ hxg6 25. c4 Nc3+ 26. Kc2 Na2 27. Re7 Nb4+ 28. Kc3 c5 29. Re3 Rd6 30. Ne4 Re6 31. Nxc5 Rxe3+ 32. fxe3 Nc6 33. Nxb7 Ne5 34. Nc5 Nf3 35. Nxa6 Nxg5 36. Nxc7 Nxh3 37. e4 g5 38. Ne6+ Kf7 39. Nxg5+ Nxg5 40. e5 Nf3 41. c5 Nxe5 42. Kd4 Nd7 43. c6 Nxf6 44. c7 1-0

[Event "GER-ch Net blitz qual2"]
[Site "Playchess.com INT"]
[Date "2021.05.04"]
[Round "8"]
[White "Platz, Daniel"]
[Black "Eichner, Christian"]
[Result "1-0"]
[WhiteElo "1859"]
[BlackElo "1695"]
[PlyCount "69"]
[EventDate "2021.05.04"]
[EventType "swiss (blitz)"]
[EventRounds "11"]
[EventCountry "GER"]
[SourceTitle "CBM 202 Extra"]
[Source "ChessBase"]
[SourceDate "2021.07.31"]
[SourceVersion "1"]
[SourceVersionDate "2021.07.31"]
[SourceQuality "1"]

1. e4 e5 2. Nf3 Nc6 3. Bc4 Nf6 4. d3 Bc5 5. 0-0 a6 6. c3 d6 7. Nbd2 Ba7 8. a4 Bg4 9. h3 Bh5 10. Re1 Qd7 11. Nf1 h6 12. Be3 g5 13. Bxa7 Rxa7 14. Ng3 g4 15. Nxh5 Nxh5 16. Nh2 Nf4 17. Qxg4 h5 18. Qxd7+ Kxd7 19. Bxf7 Rh7 20. Ba2 b5 21. Bd5 b4 22. Re3 a5 23. Nf3 Nxd5 24. exd5 Ne7 25. c4 Ra8 26. Nh4 Rg8 27. Kh2 Rhg7 28. Rae1 c6 29. Rg3 Rxg3 30. fxg3 Ng6 31. dxc6+ Kxc6 32. Nxg6 Rxg6 33. Re4 Rf6 34. Kg1 Rf4 35. gxf4 1-0

[Event "GER-ch Net blitz qual2"]
[Site "Playchess.com INT"]
[Date "2021.05.04"]
[Round "4"]
[White "Schenk, Michael"]
[Black "Eichner, Christian"]
[Result "0-1"]
[WhiteElo "1346"]
[BlackElo "1695"]
[PlyCount "24"]
[EventDate "2021.05.04"]
[EventType "swiss (blitz)"]
[EventRounds "11"]
[EventCountry "GER"]
[SourceTitle "CBM 202 Extra"]
[Source "ChessBase"]
[SourceDate "2021.07.31"]
[SourceVersion "1"]
[SourceVersionDate "2021.07.31"]
[SourceQuality "1"]

1. e4 e5 2. f4 d5 3. exd5 e4 4. d3 Nf6 5. Nc3 Bb4 6. Bd2 e3 7. Qe2 0-0 8. Qxe3 Re8 9. Ne4 Nxd5 10. Bxb4 Nxe3 11. Nf3 Nc6 12. Bd2 Nxc2+ 0-1

[Event "DSOL 04 Liga Gr-A 1st"]
[Site "Playchess.com INT"]
[Date "2020.08.10"]
[Round "2.1"]
[White "Aden, Tammo"]
[Black "Eichner, Christian"]
[Result "1-0"]
[WhiteElo "1931"]
[BlackElo "1917"]
[PlyCount "51"]
[EventDate "2020.06.22"]
[EventType "team-tourn (rapid)"]
[EventCountry "GER"]
[SourceTitle "EXT 2021"]
[Source "ChessBase"]
[SourceDate "2020.10.23"]
[SourceVersion "1"]
[SourceVersionDate "2020.10.23"]
[SourceQuality "1"]
[WhiteTeam "Heisfelde"]
[BlackTeam "Dresden TuR"]
[WhiteTeamCountry "GER"]
[BlackTeamCountry "GER"]

1. d4 Nf6 2. Nf3 g6 3. c4 Bg7 4. g3 0-0 5. Bg2 d5 6. cxd5 Nxd5 7. 0-0 Nc6 8. e4 Nb6 9. d5 Ne5 10. Nxe5 Bxe5 11. Nc3 c6 12. Bh6 Re8 13. dxc6 bxc6 14. Qc2 Bg4 15. h3 Be6 16. Rfd1 Qc8 17. f4 Bxc3 18. Qxc3 f6 19. Kh2 Nc4 20. b3 Nd6 21. f5 Nf7 22. fxe6 Nxh6 23. Rd7 Kf8 24. e5 Ng8 25. exf6 Nxf6 26. Rf1 1-0

[Event "DSOL 04 Liga Gr-A 1st"]
[Site "Playchess.com INT"]
[Date "2020.07.24"]
[Round "5.1"]
[White "Eichner, Christian"]
[Black "Arriens, Damien"]
[Result "1/2-1/2"]
[WhiteElo "1917"]
[BlackElo "1669"]
[PlyCount "71"]
[EventDate "2020.06.22"]
[EventType "team-tourn (rapid)"]
[EventCountry "GER"]
[SourceTitle "EXT 2021"]
[Source "ChessBase"]
[SourceDate "2020.10.23"]
[SourceVersion "1"]
[SourceVersionDate "2020.10.23"]
[SourceQuality "1"]
[WhiteTeam "Dresden TuR"]
[BlackTeam "Ostertal"]
[WhiteTeamCountry "GER"]
[BlackTeamCountry "GER"]

1. e4 e5 2. Bc4 Nf6 3. d4 exd4 4. Nf3 Nc6 5. e5 d5 6. Bb5 Ne4 7. Nxd4 Bc5 8. Be3 Bd7 9. Bxc6 bxc6 10. Nd2 Nxd2 11. Qxd2 0-0 12. 0-0 Re8 13. Bg5 Qb8 14. Nb3 Bb4 15. c3 Bf8 16. Rfe1 a5 17. Qd4 a4 18. Nc5 Bxc5 19. Qxc5 Qxb2 20. Reb1 Qe2 21. f4 Qg4 22. h3 Qg3 23. Qf2 Qxc3 24. Rc1 Qd3 25. Rd1 Qg6 26. g4 h6 27. Bh4 h5 28. f5 Qh7 29. Bg3 hxg4 30. hxg4 Qh3 31. Qf3 Rxe5 32. Rd2 Qh6 33. Bf4 Qf6 34. Bxe5 Qxe5 35. Re1 Qf6 36. Qg3 1/2-1/2

[Event "DSOL 04 Liga Gr-A 1st"]
[Site "Playchess.com INT"]
[Date "2020.06.26"]
[Round "1.1"]
[White "Eichner, Christian"]
[Black "Gypser, Andreas"]
[Result "1/2-1/2"]
[WhiteElo "1917"]
[BlackElo "2164"]
[PlyCount "106"]
[EventDate "2020.06.22"]
[EventType "team-tourn (rapid)"]
[EventCountry "GER"]
[SourceTitle "EXT 2021"]
[Source "ChessBase"]
[SourceDate "2020.10.23"]
[SourceVersion "1"]
[SourceVersionDate "2020.10.23"]
[SourceQuality "1"]
[WhiteTeam "Dresden TuR"]
[BlackTeam "Ludwigshafen II"]
[WhiteTeamCountry "GER"]
[BlackTeamCountry "GER"]

1. e4 e5 2. Bc4 Nf6 3. d4 exd4 4. Nf3 Nc6 5. e5 d5 6. Bb5 Ne4 7. Nxd4 Bd7 8. Bxc6 bxc6 9. 0-0 Be7 10. f3 Nc5 11. Be3 0-0 12. Nd2 f6 13. exf6 Rxf6 14. N2b3 Qf8 15. Bg5 Rg6 16. Bxe7 Qxe7 17. Qe2 Qxe2 18. Nxe2 Na4 19. Nf4 Rf6 20. Nd3 Bf5 21. Nbc5 Nxc5 22. Nxc5 Bxc2 23. Rac1 Bf5 24. Rfe1 Rd8 25. Re7 Rf7 26. Rce1 Rxe7 27. Rxe7 d4 28. g4 d3 29. Nb3 Bg6 30. Nd2 Kf8 31. Re5 Rd5 32. Rxd5 cxd5 33. b4 Ke7 34. Kf2 Kd6 35. Ke3 c5 36. bxc5+ Kxc5 37. Nb3+ Kb4 38. Kd4 Ka3 39. Kc3 Kxa2 40. h4 h6 41. f4 Be8 42. f5 Ba4 43. Nc1+ Kb1 44. Nxd3 Bd7 45. Nc5 Bb5 46. g5 hxg5 47. hxg5 a5 48. g6 Be8 49. Kd4 Kb2 50. Kxd5 a4 51. f6 gxf6 52. Nxa4+ Bxa4 53. Ke6 Bb3+ 1/2-1/2

[Event "GER Cup Net V3 U2000"]
[Site "Playchess.com INT"]
[Date "2020.05.27"]
[Round "4"]
[White "Eichner, Christian"]
[Black "Morczynski, Joachim"]
[Result "1-0"]
[WhiteElo "1679"]
[BlackElo "1560"]
[PlyCount "113"]
[EventDate "2020.05.27"]
[EventType "swiss (blitz)"]
[EventRounds "9"]
[EventCountry "GER"]
[SourceTitle "EXT 2021"]
[Source "ChessBase"]
[SourceDate "2020.10.23"]
[SourceVersion "1"]
[SourceVersionDate "2020.10.23"]
[SourceQuality "1"]

1. e4 c5 2. Nf3 Nc6 3. Bb5 g6 4. 0-0 Bg7 5. c3 a6 6. Ba4 b5 7. Bc2 d6 8. a3 Bd7 9. d4 cxd4 10. cxd4 Qb6 11. Be3 Qc7 12. Nc3 Nf6 13. Rc1 0-0 14. Nd5 Nxd5 15. exd5 Nd8 16. Bxg6 Qb7 17. Bxh7+ Kxh7 18. Ng5+ Kg8 19. Qd3 f5 20. f4 Nf7 21. Ne6 Bxe6 22. dxe6 Nd8 23. d5 Bxb2 24. Rc2 Bg7 25. Rfc1 Nxe6 26. dxe6 Qe4 27. Qxe4 fxe4 28. Rc7 d5 29. Rxe7 d4 30. Rxg7+ Kxg7 31. Bxd4+ Kg6 32. Be5 Rae8 33. Rc6 Re7 34. Kf2 Rfe8 35. Rxa6 Rxe6 36. Rxe6+ Rxe6 37. Ke3 Kf5 38. h3 Rh6 39. g4+ Ke6 40. Kxe4 Rxh3 41. f5+ Ke7 42. g5 Rxa3 43. g6 Ra4+ 44. Kd5 Ra2 45. f6+ Kf8 46. Ke6 Ra6+ 47. Bd6+ Rxd6+ 48. Kxd6 b4 49. Ke6 b3 50. g7+ Kg8 51. Ke7 b2 52. f7+ Kh7 53. g8Q+ Kh6 54. f8Q+ Kh5 55. Qf1 b1Q 56. Qxb1 Kh4 57. Qh1# 1-0

[Event "GER Cup Net V3 U2000"]
[Site "Playchess.com INT"]
[Date "2020.05.27"]
[Round "6"]
[White "Eichner, Christian"]
[Black "Niebergall, Gerhard"]
[Result "1/2-1/2"]
[WhiteElo "1679"]
[BlackElo "1825"]
[PlyCount "117"]
[EventDate "2020.05.27"]
[EventType "swiss (blitz)"]
[EventRounds "9"]
[EventCountry "GER"]
[SourceTitle "EXT 2021"]
[Source "ChessBase"]
[SourceDate "2020.10.23"]
[SourceVersion "1"]
[SourceVersionDate "2020.10.23"]
[SourceQuality "1"]

1. e4 e5 2. Bc4 Nf6 3. d4 exd4 4. Nf3 Nc6 5. e5 d5 6. Bb5 Ne4 7. Nxd4 Bc5 8. Be3 0-0 9. Bxc6 bxc6 10. 0-0 Ba6 11. Nxc6 Qd7 12. Bxc5 Nxc5 13. Nd4 Bxf1 14. Qxf1 Ne6 15. c3 c5 16. Nf3 Rab8 17. Qe2 Qb5 18. Qxb5 Rxb5 19. b3 d4 20. Na3 Rb7 21. c4 h6 22. Rd1 Rd8 23. g3 Rbd7 24. Kf1 Kf8 25. Rd3 Ke7 26. Ke2 g5 27. h3 Rg8 28. Nb5 h5 29. g4 Nf4+ 30. Kd2 Nxd3 31. Kxd3 hxg4 32. hxg4 Rh8 33. Nxg5 Rh1 34. Ne4 Ra1 35. Nxc5 Rxa2 36. Nxd7 Kxd7 37. Nxd4 Rxf2 38. Ke3 Rf1 39. Ke4 Rg1 40. Kf5 Rf1+ 41. Ke4 Rb1 42. Kd5 Rg1 43. Nb5 a6 44. Nc3 Rxg4 45. Ne4 Rg1 46. Nc5+ Ke7 47. Nxa6 Rb1 48. b4 Rd1+ 49. Kc6 Ke6 50. Nc5+ Kxe5 51. b5 Rc1 52. b6 Rxc4 53. Kb5 Rc2 54. b7 Rb2+ 55. Kc6 Rxb7 56. Kxb7 f5 57. Kc6 f4 58. Nd3+ Ke4 59. Nxf4 1/2-1/2

[Event "GER Cup Net V1 U2000"]
[Site "Playchess.com INT"]
[Date "2020.05.19"]
[Round "7"]
[White "Stumpf, Daniel"]
[Black "Eichner, Christian"]
[Result "1-0"]
[WhiteElo "1785"]
[BlackElo "1655"]
[PlyCount "55"]
[EventDate "2020.05.19"]
[EventType "swiss (blitz)"]
[EventRounds "9"]
[EventCountry "GER"]
[SourceTitle "EXT 2021"]
[Source "ChessBase"]
[SourceDate "2020.10.23"]
[SourceVersion "1"]
[SourceVersionDate "2020.10.23"]
[SourceQuality "1"]

1. c4 e5 2. Nc3 Nf6 3. Nf3 Nc6 4. d4 exd4 5. Nxd4 Bc5 6. Nxc6 bxc6 7. e3 0-0 8. Be2 Rb8 9. 0-0 d6 10. Bf3 Bd7 11. Qc2 Qe8 12. Rd1 Be6 13. Na4 Rb4 14. b3 Rb8 15. Nxc5 dxc5 16. Bb2 Nd7 17. Bxc6 Rb6 18. Qc3 f6 19. Bxd7 Bxd7 20. Qa5 Rd6 21. Qxa7 Qc8 22. Qxc5 Rc6 23. Qd5+ Kh8 24. Qxd7 Qa8 25. Qe7 Rd6 26. Rxd6 cxd6 27. Rd1 Qc6 28. Qxf8# 1-0

[Event "GER-ch Net Amateur Gr-A Vor1"]
[Site "Playchess.com INT"]
[Date "2020.04.14"]
[Round "7"]
[White "Eichner, Christian"]
[Black "Ermitsch, Magnus"]
[Result "0-1"]
[WhiteElo "1642"]
[BlackElo "1809"]
[PlyCount "132"]
[EventDate "2020.04.14"]
[EventType "swiss (blitz)"]
[EventRounds "9"]
[EventCountry "GER"]
[SourceTitle "EXT 2021"]
[Source "ChessBase"]
[SourceDate "2020.10.23"]
[SourceVersion "1"]
[SourceVersionDate "2020.10.23"]
[SourceQuality "1"]

1. e4 c5 2. Nf3 e6 3. c3 Nf6 4. e5 Nd5 5. Bc4 Nb6 6. Bb3 d6 7. d4 cxd4 8. cxd4 Nc6 9. 0-0 Be7 10. Qe2 Qc7 11. Nc3 Bd7 12. Nb5 Qb8 13. exd6 Bxd6 14. d5 Nd8 15. Bg5 a6 16. Bxd8 Bxb5 17. Qd2 Qxd8 18. dxe6 0-0 19. exf7+ Kh8 20. Rfd1 Be7 21. Qf4 Qb8 22. Qf5 Qc8 23. Qe5 Bf6 24. Qd6 Nc4 25. Bxc4 Qxc4 26. Rac1 Qxf7 27. b3 Rad8 28. Qf4 Rxd1+ 29. Rxd1 Be2 30. Rd6 Bxf3 31. Qxf3 h6 32. g3 Be5 33. Qxf7 Rxf7 34. Rd8+ Kh7 35. f4 Bc7 36. Rd5 Kg6 37. Kg2 Kf6 38. h4 g6 39. Kf3 Ke6 40. Rc5 Rd7 41. Ke4 Bb6 42. Rc8 Rd4+ 43. Kf3 Rd3+ 44. Kg4 Rd7 45. Kf3 h5 46. Rc4 Kf5 47. Rc3 Rd4 48. a3 Rd1 49. b4 Rf1+ 50. Kg2 Rg1+ 51. Kh2 Kg4 52. Rd3 Rc1 53. a4 Rc2+ 54. Kh1 Bf2 55. b5 axb5 56. axb5 Bxg3 57. f5 gxf5 58. Rd4+ f4 59. Rd5 Kh3 60. Rd1 f3 61. b6 Rh2+ 62. Kg1 f2+ 63. Kf1 Rh1+ 64. Ke2 Rxd1 65. Ke3 f1Q 66. Ke4 Qf4# 0-1

[Event "GER-ch Net Amateur Gr-A Vor1"]
[Site "Playchess.com INT"]
[Date "2020.04.14"]
[Round "8"]
[White "Eichner, Christian"]
[Black "Schletter, Felix"]
[Result "1-0"]
[WhiteElo "1633"]
[BlackElo "1719"]
[PlyCount "57"]
[EventDate "2020.04.14"]
[EventType "swiss (blitz)"]
[EventRounds "9"]
[EventCountry "GER"]
[SourceTitle "EXT 2021"]
[Source "ChessBase"]
[SourceDate "2020.10.23"]
[SourceVersion "1"]
[SourceVersionDate "2020.10.23"]
[SourceQuality "1"]

1. e4 c5 2. Nf3 Nc6 3. Bb5 g6 4. 0-0 Bg7 5. c3 Nf6 6. Re1 0-0 7. d4 cxd4 8. cxd4 d6 9. Nc3 Bg4 10. Be3 Nd7 11. Be2 Nb6 12. Rc1 Rc8 13. Nb5 a6 14. Nc3 Na5 15. b3 Nc6 16. Nd5 Nxd5 17. exd5 Nb4 18. Qd2 Nxd5 19. Bh6 Qd7 20. Bxg7 Kxg7 21. h3 Bf5 22. Qa5 Nf4 23. Bf1 Bxh3 24. gxh3 Nxh3+ 25. Kh2 Nf4 26. Qg5 Ne6 27. Qg4 h5 28. Qe4 Qb5 29. Bxb5 1-0

[Event "GER-ch Net Amateur Gr-A Vor1"]
[Site "Playchess.com INT"]
[Date "2020.04.14"]
[Round "1"]
[White "Sieber, Heiko"]
[Black "Eichner, Christian"]
[Result "1/2-1/2"]
[WhiteElo "1918"]
[BlackElo "1614"]
[PlyCount "121"]
[EventDate "2020.04.14"]
[EventType "swiss (blitz)"]
[EventRounds "9"]
[EventCountry "GER"]
[SourceTitle "EXT 2021"]
[Source "ChessBase"]
[SourceDate "2020.10.23"]
[SourceVersion "1"]
[SourceVersionDate "2020.10.23"]
[SourceQuality "1"]

1. d4 Nf6 2. c4 g6 3. Nc3 d5 4. cxd5 Nxd5 5. e4 Nxc3 6. bxc3 c5 7. Be3 Bg7 8. Bc4 Qa5 9. Qd2 Nc6 10. Nf3 Bg4 11. Bd5 Rd8 12. Rd1 e6 13. Bxc6+ bxc6 14. e5 Bxf3 15. gxf3 Bxe5 16. Ke2 cxd4 17. cxd4 Qxd2+ 18. Rxd2 Bf6 19. Rc1 Kd7 20. Rdc2 Rc8 21. a4 Rc7 22. a5 a6 23. h3 Rb7 24. Rxc6 Rb2+ 25. R1c2 Rxc2+ 26. Rxc2 Rc8 27. Rb2 Bd8 28. Ra2 Rc4 29. Kd3 Rb4 30. Bd2 Rb5 31. Bc3 Kc6 32. Ra4 Kd5 33. Rc4 Bxa5 34. Rc8 Bxc3 35. Kxc3 Rb7 36. Ra8 Rb6 37. Ra7 f5 38. Rxh7 e5 39. dxe5 Kxe5 40. h4 Kf4 41. h5 g5 42. Rg7 Kxf3 43. Rxg5 f4 44. Rg6 Rb7 45. h6 Rh7 46. Rf6 a5 47. Kb3 Rb7+ 48. Ka4 Rb2 49. h7 Rb8 50. Rf7 Rh8 51. Kxa5 Ke2 52. Rxf4 Rxh7 53. Kb6 Rd7 54. Kc5 Rd1 55. Rf8 Rd7 56. f4 Ke3 57. f5 Ke4 58. f6 Kf5 59. f7 Kf6 60. Rh8 Rxf7 61. Rh1 1/2-1/2

[Event "GER-ch Net blitz qual4"]
[Site "Playchess.com INT"]
[Date "2020.03.23"]
[Round "9"]
[White "Eichner, Christian"]
[Black "Zha, Kevin"]
[Result "0-1"]
[WhiteElo "2030"]
[BlackElo "1851"]
[PlyCount "76"]
[EventDate "2020.03.23"]
[EventType "swiss (blitz)"]
[EventRounds "9"]
[EventCountry "GER"]
[SourceTitle "CBM 195 Extra"]
[Source "ChessBase"]
[SourceDate "2020.05.31"]
[SourceVersion "1"]
[SourceVersionDate "2020.05.31"]
[SourceQuality "1"]

1. e4 g6 2. d4 Bg7 3. Nc3 d6 4. f4 Nf6 5. Nf3 0-0 6. Bd3 Nc6 7. e5 dxe5 8. fxe5 Nd5 9. Nxd5 Qxd5 10. c3 f6 11. Qe2 Kh8 12. Bc4 Qd8 13. e6 Qd6 14. 0-0 Na5 15. Re1 a6 16. b4 Nxc4 17. Qxc4 b5 18. Qb3 Bb7 19. Nd2 Bd5 20. Ne4 Qc6 21. Qc2 Bxe6 22. Nc5 Bf5 23. Qe2 Rfe8 24. Bf4 e5 25. dxe5 fxe5 26. Bg3 Rad8 27. Rad1 Rd6 28. Rxd6 cxd6 29. Nb3 Qxc3 30. Qd1 Qc7 31. Qd5 Be6 32. Qf3 Bc8 33. Qd3 Bb7 34. Qd2 d5 35. Rc1 Qd6 36. Rd1 d4 37. Qg5 Qd5 38. Nxd4 Qxg2# 0-1

[Event "GER-ch Net blitz qual4"]
[Site "Playchess.com INT"]
[Date "2020.03.23"]
[Round "8"]
[White "Haeussler, Daniel"]
[Black "Eichner, Christian"]
[Result "1-0"]
[WhiteElo "1985"]
[BlackElo "2030"]
[PlyCount "49"]
[EventDate "2020.03.23"]
[EventType "swiss (blitz)"]
[EventRounds "9"]
[EventCountry "GER"]
[SourceTitle "CBM 195 Extra"]
[Source "ChessBase"]
[SourceDate "2020.05.31"]
[SourceVersion "1"]
[SourceVersionDate "2020.05.31"]
[SourceQuality "1"]

1. d4 Nf6 2. c4 g6 3. Nc3 d5 4. Qb3 dxc4 5. Qxc4 a6 6. Bf4 b5 7. Qxc7 Qxc7 8. Bxc7 Nc6 9. 0-0-0 Bg7 10. Nf3 Bf5 11. Nh4 Rc8 12. Nxf5 gxf5 13. Bb6 0-0 14. Kb1 Ne4 15. Nxe4 fxe4 16. e3 f5 17. Be2 Rf6 18. Bc5 e5 19. d5 Na5 20. Bb4 Nc4 21. d6 Rd8 22. Bxc4+ bxc4 23. Rd5 Re6 24. Rhd1 Rdxd6 25. Rxd6 1-0

[Event "GER-ch Net blitz qual4"]
[Site "Playchess.com INT"]
[Date "2020.03.23"]
[Round "6"]
[White "Trifan, Andrei Ioan"]
[Black "Eichner, Christian"]
[Result "1-0"]
[WhiteElo "2249"]
[BlackElo "2030"]
[PlyCount "75"]
[EventDate "2020.03.23"]
[EventType "swiss (blitz)"]
[EventRounds "9"]
[EventCountry "GER"]
[SourceTitle "CBM 195 Extra"]
[Source "ChessBase"]
[SourceDate "2020.05.31"]
[SourceVersion "1"]
[SourceVersionDate "2020.05.31"]
[SourceQuality "1"]

1. e4 e5 2. Nf3 Nc6 3. Bb5 a6 4. Ba4 Nf6 5. 0-0 Be7 6. Re1 b5 7. Bb3 0-0 8. a4 b4 9. d4 d6 10. dxe5 Nxe5 11. Nxe5 dxe5 12. Nd2 Bb7 13. Qe2 Qd4 14. Nf3 Qc5 15. Be3 Qc6 16. Bg5 Rfe8 17. Bxf7+ Kh8 18. Bxe8 Qxe8 19. Nxe5 Bd6 20. Bxf6 Bxe5 21. Bxe5 Qxe5 22. Rad1 Qxb2 23. Qc4 Qe5 24. Qd4 Qg5 25. f4 Qh4 26. g3 Qe7 27. Qd7 Qc5+ 28. Qd4 Qf8 29. c3 b3 30. Rb1 Rd8 31. Qb4 Qxb4 32. cxb4 Rd3 33. Rbd1 Rxd1 34. Rxd1 g6 35. Rb1 Bxe4 36. Rxb3 Kg7 37. Rc3 c6 38. Kf2 1-0

[Event "GER-ch Net blitz qual2"]
[Site "Playchess.com INT"]
[Date "2020.03.16"]
[Round "1"]
[White "Eichner, Christian"]
[Black "Cofman, Veaceslav"]
[Result "0-1"]
[WhiteElo "2030"]
[BlackElo "2272"]
[PlyCount "44"]
[EventDate "2020.03.16"]
[EventType "swiss (blitz)"]
[EventRounds "9"]
[EventCountry "GER"]
[SourceTitle "CBM 195 Extra"]
[Source "ChessBase"]
[SourceDate "2020.05.31"]
[SourceVersion "1"]
[SourceVersionDate "2020.05.31"]
[SourceQuality "1"]

1. e4 d5 2. exd5 Nf6 3. d4 Nxd5 4. Nf3 Bg4 5. Be2 e6 6. 0-0 Be7 7. h3 Bh5 8. c4 Nf6 9. Nc3 0-0 10. Bg5 Nbd7 11. Rc1 c6 12. Ne5 Bxe2 13. Qxe2 Nxe5 14. dxe5 Nd7 15. Rfd1 Bxg5 16. Rc2 Qc7 17. g3 Rad8 18. Ne4 Be7 19. f4 Nc5 20. Rcd2 Nxe4 21. Qxe4 Rxd2 22. Rxd2 Rd8 0-1

[Event "GER-ch Net blitz qual2"]
[Site "Playchess.com INT"]
[Date "2020.03.16"]
[Round "6"]
[White "Homfeldt, Christopher"]
[Black "Eichner, Christian"]
[Result "1-0"]
[WhiteElo "1824"]
[BlackElo "2030"]
[PlyCount "51"]
[EventDate "2020.03.16"]
[EventType "swiss (blitz)"]
[EventRounds "9"]
[EventCountry "GER"]
[SourceTitle "CBM 195 Extra"]
[Source "ChessBase"]
[SourceDate "2020.05.31"]
[SourceVersion "1"]
[SourceVersionDate "2020.05.31"]
[SourceQuality "1"]

1. d4 Nf6 2. c4 g6 3. Nc3 d5 4. cxd5 Nxd5 5. e4 Nxc3 6. bxc3 c5 7. Nf3 Bg7 8. Be2 Nc6 9. Be3 Qa5 10. Qd2 Bg4 11. e5 Bxf3 12. Bxf3 cxd4 13. cxd4 0-0 14. Bxc6 Qxd2+ 15. Kxd2 bxc6 16. Rac1 Rab8 17. Rxc6 Rb2+ 18. Rc2 Rfb8 19. Rhc1 e6 20. Rxb2 Rxb2+ 21. Rc2 Rxc2+ 22. Kxc2 Bf8 23. d5 exd5 24. Bxa7 Bb4 25. Kd3 Be1 26. Be3 1-0

[Event "Heusenstamm Sparkassen op-A 6th"]
[Site "Heusenstamm"]
[Date "2019.11.24"]
[Round "6"]
[White "Eichner, Christian"]
[Black "Reitz, Theresa"]
[Result "1/2-1/2"]
[WhiteElo "2061"]
[BlackElo "1901"]
[PlyCount "153"]
[EventDate "2019.11.21"]
[EventType "swiss"]
[EventRounds "7"]
[EventCountry "GER"]
[SourceTitle "CBM 194 Extra"]
[Source "ChessBase"]
[SourceDate "2020.03.31"]
[SourceVersion "1"]
[SourceVersionDate "2020.03.31"]
[SourceQuality "1"]

1. e4 d5 2. exd5 Qxd5 3. Nc3 Qd6 4. d4 Nf6 5. Nf3 a6 6. Bd3 g6 7. Ne4 Nxe4 8. Bxe4 Bg7 9. c3 0-0 10. Qb3 Nd7 11. Bg5 Nf6 12. Bxf6 Bxf6 13. h4 h5 14. Rd1 Be6 15. Qc2 Bg7 16. Ng5 Bd5 17. 0-0 Rfd8 18. Rfe1 Bxe4 19. Qxe4 e6 20. Rd3 Qd5 21. Rf3 Qxe4 22. Rxe4 Rd7 23. b4 a5 24. b5 a4 25. Ref4 Rf8 26. Ne4 e5 27. Nc5 Rd5 28. Re4 exd4 29. cxd4 Bxd4 30. Nxb7 Bb6 31. Rxa4 Rb8 32. Na5 Ra8 33. Rfa3 Rxb5 34. Nc6 Rxa4 35. Rxa4 Rb1+ 36. Kh2 Bxf2 37. Ne7+ Kg7 38. Nd5 c6 39. Nb4 c5 40. Nd3 Bg1+ 41. Kg3 Rd1 42. Ne5 Bd4 43. Nf3 Bc3 44. Kf4 Rd6 45. Ra7 Rd1 46. Ke4 Bf6 47. Rc7 Ra1 48. Rxc5 Rxa2 49. g3 Ra4+ 50. Ke3 Bd8 51. Rd5 Bb6+ 52. Ke2 Ra3 53. Re5 Ra2+ 54. Kd3 Bc7 55. Rg5 f6 56. Rc5 Bxg3 57. Rc4 Kf7 58. Rb4 Ra3+ 59. Ke2 Ra6 60. Ke3 Ke6 61. Re4+ Kd6 62. Rd4+ Kc5 63. Rd8 Ra3+ 64. Ke2 Ra4 65. Rg8 Rg4 66. Ke3 g5 67. hxg5 Bf4+ 68. Kf2 fxg5 69. Rh8 Bg3+ 70. Ke3 h4 71. Rh5 Bf4+ 72. Ke4 Rg3 73. Rxh4 gxh4 74. Kxf4 Rh3 75. Kg4 Rg3+ 76. Kf4 Rg8 77. Nxh4 1/2-1/2

[Event "Heusenstamm Sparkassen op-A 6th"]
[Site "Heusenstamm"]
[Date "2019.11.24"]
[Round "7"]
[White "Thomas, Tobias"]
[Black "Eichner, Christian"]
[Result "1-0"]
[WhiteElo "1907"]
[BlackElo "2061"]
[PlyCount "83"]
[EventDate "2019.11.21"]
[EventType "swiss"]
[EventRounds "7"]
[EventCountry "GER"]
[SourceTitle "CBM 194 Extra"]
[Source "ChessBase"]
[SourceDate "2020.03.31"]
[SourceVersion "1"]
[SourceVersionDate "2020.03.31"]
[SourceQuality "1"]

1. c4 e5 2. g3 Nf6 3. Bg2 d5 4. cxd5 Nxd5 5. Nc3 Be6 6. Nf3 Nc6 7. 0-0 Nb6 8. d4 exd4 9. Nb5 Be7 10. Nbxd4 Nxd4 11. Nxd4 Bd5 12. e4 Bc4 13. Re1 0-0 14. b3 Bb4 15. Bb2 Bxe1 16. Qxe1 Be6 17. Qc3 Qd7 18. f4 f6 19. f5 Bf7 20. g4 Rac8 21. g5 c5 22. Ne2 Rfd8 23. g6 hxg6 24. fxg6 Bxg6 25. Qg3 Bh5 26. Bh3 Qd3 27. Qxd3 Rxd3 28. Nf4 Rcd8 29. Nxd3 Rxd3 30. Be6+ Bf7 31. Bf5 Bh5 32. Rc1 Rd1+ 33. Rxd1 Bxd1 34. Ba3 c4 35. Be6+ Kh7 36. bxc4 Bc2 37. c5 Na4 38. Bd5 b5 39. c6 Nb6 40. c7 a5 41. Bc5 Nc8 42. Bb7 1-0